Capitales contenant la lettre Y - Statistiques

Statistiques générales
  • Ce quiz a été pris 310 fois
  • Le résultat moyen est 9 sur 13
Statistiques - réponses
Asie % Correct
Yamoussoukro
84%
Yaoundé
81%
Pyongyang
77%
Reykjavik
77%
Tokyo
74%
Yaren
69%
Riyad
67%
Beyrouth
63%
Port Moresby
61%
Naypyidaw
56%
Niamey
55%
Sri Jayawardenapura Kotte
50%
Conakry
49%
Aucun quiz correspondant
Distribution des résultats
% des personnes avec chaque résultat
Percentile par nombre de réponses
Votre historique - résultats
Vous n’avez pas pris ce quiz